000 00390nam a22001457a 4500
999 _c8204
_d8204
003 OSt
005 20200812160212.0
008 200812b ||||| |||| 00| 0 eng d
020 _a9781568983233
082 _a778.94
_bKOP
100 _a Kopelow, Gerry,
_d1949-
245 _aHow to photograph buildings and interiors
260 _aNew York
_bPrinceton architectural press
_c2002
942 _2ddc